Piłkarze Euro 2024 urodzeni w innym kraju niż ten, który reprezentują - Statystyki

Ogólne statystyki
  • Ten quiz został rozwiązany 108 razy
  • Średni wynik to 14 z 27
Statystyki odpowiedzi
Piłkarze Kraj % Poprawnych
Callum Styles (HUN), Kwadwo Duah (SUI), Angus Gunn (SCO), Scott McTominay (SCO), Che Adams (SCO), Liam Cooper (SCO), Armando Broja (ALB) Anglia
86%
Marash Kumbulla (ALB), Nicola Zalewski (POL), Marcus Thuram (ITA) Włochy
86%
Ivan Balliu (ALB), Sergej Milinkovic-Savic (SRB), Vanja Milinkovic-Savic (SRB) Hiszpania
78%
Loic Nego (HUN), Robin Le Normand (ESP), Aymeric Laporte (ESP), Bogdan Racovitan (ROM), Georges Mikautadze (GEO) Francja
76%
Taras Romanczuk (POL) Ukraina
74%
Willi Orban (HUN), Marton Dardai (HUN), Joselu (ESP), Josip Stanisic (CRO), Marin Pongracic (CRO), Mario Pasalic (CRO), Marco Pasalic (CRO), Ylber Ramadani (ALB), Arber Hoxha (ALB), Lazar Samardzic (SRB), Cenk Tosun (TUR), Hakan Calhanoglu (TUR), Salih Ozcan (TUR), Kenan Yildiz (TUR), Kaan Ayhan (TUR) Niemcy
73%
Andrij Jarmołenko (UKR) Rosja
73%
Milos Kerkez (HUN) Serbia
66%
Jorginho (ITA), Pepe (POR), Matheus Nunes (POR) Brazylia
63%
Josip Sutalo (CRO), Ante Budimir (CRO), Josip Ilicic (SVN), Srdan Babic (SRB) Bośnia i Hercegowina
58%
Breel Embolo (SUI), Yvon Mvogo (SUI) Kamerun
58%
Ianis Hagi (ROM) Turcja
54%
Arlind Ajeti (ALB), Berat Djimsiti (ALB), Nedim Bajrami (ALB), Medon Berisha (ALB), Amir Abrashi (ALB), Milos Veljkovic (SRB), Diogo Costa (POR) Szwajcaria
53%
Brice Samba (FRA) Kongo
50%
Mateo Retegui (ITA), Vernon de Marco (SVK) Argentyna
49%
Xherdan Shaqiri (SUI), Etrit Berisha (ALB), Ardjan Ismajli (ALB), Mirland Daku (ALB) Kosowo
48%
Amadou Onana (BEL) Senegal
48%
Mateo Kovacic (CRO), Luka Sucic (CRO), Sandi Lovric (SVN), Mert Muldur (TUR) Austria
46%
Orkun Kokcu (TUR), Ferdi Kadioglu (TUR) Holandia
46%
Mario Mitaj (ALB), Thomas Strakosha (ALB) Grecja
41%
Eduardo Camavinga (FRA) Angola
40%
Jasir Asani (ALB), Taulant Seferi (ALB), Naser Aliji (ALB) Macedonia Północna
30%
Marc Guehi (ENG) Wybrzeże Kości Słoniowej
28%
Wiktor Cyhankow (UKR), Giorgi Citaiszwili (GEO) Izrael
18%
Danilo Pereira (POR) Gwinea Bissau
14%
Kieran Tierney (SCO) Wyspa Man
13%
Waldemar Anton (GER) Uzbekistan
8%
Nie znaleziono quizów pasujących do podanych kryteriów
Rozkład punktacji
Procent ludzi z każdym wynikiem
Percentyl według liczby udzielonych odpowiedzi
Twoja historia wyników
Nie rozwiązałeś tego quizu